000 00664cam a22002054a 4500
005 20250605163941.0
008 250528s ||||||||||||||||||||||||d
035 _a15021
020 _a71004793
040 _aGR-AtMCL
_bgre
_dGR-AtMCL
_eAACR2
245 1 _aComputer Architecture and Organization / Second Edition
250 _a2nd
260 _bMcgraw Hill Book Company,
_c1988
300 _a702
520 _aPreface, The Evolution of Computers, Design Methodology, Processor Design, Control Design, Memory Organization, System Organization, Parallel Processing, Index.
700 1 _aHayes John P
_9854
942 _cBK
999 _c626
_d626